Big friend, little friend : memoirs of a World War II fighter pilot /

Bibliographic Details
Main Author: Turner, Richard E.
Format: Book
Language:English
Published: Garden City, N.Y. : Doubleday, 1969.
Subjects:

MARC

Tag First Indicator Second Indicator Subfields
LEADER 00000cam a2200000 a 4500
001 in00000020341
005 20151007053904.0
008 691105s1969 nyua 001 0 eng
010 |a  76084363  
035 |a (OCoLC)00031440 
035 |9 AAB3199AM 
040 |a DLC  |c DLC  |d TXA  |d UtOrBLW 
049 |a TXAS [mil] 
050 0 0 |a D790  |b .T85 
082 0 0 |a 940.544/9/73 
090 |a D790  |b .T85 1969 
100 1 |a Turner, Richard E. 
245 1 0 |a Big friend, little friend :  |b memoirs of a World War II fighter pilot /  |c Richard E. Turner. 
264 1 |a Garden City, N.Y. :  |b Doubleday,  |c 1969. 
300 |a viii, 176 pages :  |b illustrations ;  |c 22 cm. 
336 |a text  |b txt  |2 rdacontent 
337 |a unmediated  |b n  |2 rdamedia 
338 |a volume  |b nc  |2 rdacarrier 
500 |a Includes index. 
610 1 0 |a United States.  |b Army Air Forces.  |b Fighter Group, 354th. 
650 0 |a World War, 1939-1945  |x Aerial operations, American. 
650 0 |a Korean War, 1950-1953  |x Aerial operations. 
999 |a MARS 
999 f f |s d80586bf-0938-37a7-a0c7-854aa5b5d490  |i bede23d5-88ba-3d3d-8bc2-7f2b28e1b4d7  |t 0 
952 f f |p normal  |a Texas A&M University  |b College Station  |c Sterling C. Evans Library  |d Evans: Library Stacks  |t 0  |e D790 .T85 1969  |h Library of Congress classification  |i unmediated -- volume  |m A14820045564 
952 f f |p noncirc  |a Texas A&M University  |b College Station  |c Cushing Memorial Library & Archives  |d Cushing: Ragan Military (Does not check out)  |t 0  |e D790 .T85 1969  |h Library of Congress classification  |i unmediated -- volume  |m A14852659813 
952 f f |p noncirc  |a Texas A&M University  |b College Station  |c Cushing Memorial Library & Archives  |d Cushing: Ragan Military (Does not check out)  |t 0  |e D790 .T85 1969  |h Library of Congress classification  |i unmediated -- volume  |m A14852660043 
998 f f |a D790 .T85 1969  |t 0  |l Evans: Library Stacks 
998 f f |a D790 .T85 1969  |t 0  |l Cushing: Ragan Military (Does not check out) 
998 f f |a D790 .T85 1969  |t 0  |l Cushing: Ragan Military (Does not check out)